French Cities by Images - Statistics

General Stats
  • This quiz has been taken 49 times
  • The average score is 12 of 16
Answer Stats
Picture Answer % Correct
Paris
100%
Marseille
95%
Nice
95%
Lyon
90%
Strasbourg
88%
Bordeaux
85%
Toulouse
85%
Lille
76%
Nantes
71%
Dijon
63%
Avignon
61%
Montpellier
61%
Rennes
56%
Versailles
56%
Rouen
54%
Colmar
46%
No matching quizzes found
Score Distribution
Percent of People with Each Score
Percentile by Number Answered
Your Score History
You have not taken this quiz